| 000 | 00783cam a22002295a 4500 | ||
|---|---|---|---|
| 005 | 20180131120301.0 | ||
| 008 | 180123t1981 ja a frb 000 0 eng d | ||
| 040 |
_aEG-ScBUE _beng _cEG-ScBUE _dEG-ScBUE |
||
| 041 | 1 |
_aeng _hund |
|
| 082 | 0 | 4 |
_222 _a658.84 _bAKI |
| 100 | 1 | _aAkiyama, Yoshiki. | |
| 245 | 1 | 0 |
_aDistributive organization : _binternational comparative analysis / _cYoshiki Akiyama ; translated G. M. Jacobson. |
| 260 |
_aTokyo : _bK. K. Toshima Printing, _cc.1981. |
||
| 300 |
_aix, 138 p. : _bill. ; _c18 cm. |
||
| 504 | _aIncludes bibliographical references. | ||
| 541 | _aDonation from David Kirby. | ||
| 650 | 7 |
_2BUEsh _aMarketing channels. |
|
| 651 | _2BUEsh | ||
| 653 |
_bGGEN _cJanuary2018 _cJanuary2018 |
||
| 700 | 1 |
_aJacobson, G. M., _etranslator. |
|
| 942 | _2ddc | ||
| 999 |
_c25997 _d25969 |
||